00657nam a2200169Ia 4500008004100000082001500041100004300056245013200099260003900231300001600270520001100286650002800297700002800325942001300353999001900366952010200385230907s9999||||xx |||||||||||||| ||und|| a620.1bTAL aTalha Bin Farooq (00000274724)9116661 0aEnvironmental Performance of a Green Educational Building : Case Study of U.S. Pakistan Center for Advanced Studies in Energy / aUSPCAS-E, NUST,bIslamabad :c2021 axiii, 72 p. aTH-331 aMS-TEE Thesis MS Thesis aDr Muhammad Bilal Sajid cTHE2ddc c602009d602009 00102ddc4070aCAS-EbCAS-Ed2022-01-28o620.1 TALpCAS-ETH0000331r2023-09-12w2023-09-12yTHE